Statistics for Kalmykia Quiz

Click here to take the quiz!

General Stats

  • This quiz has been taken 17 times
  • The average score is 9 of 15

Answer Stats

HintAnswer% Correct
Largest Ethnic GroupsKalmyk
100%
Official LanguagesKalmyk
100%
Largest Ethnic GroupsRussian
100%
Official LanguagesRussian
100%
Time ZoneUTC {+3}
86%
Largest ReligionBuddhism
79%
Russian Republic Kalmykia BordersDagestan
57%
Economic Region it's located itVolga
50%
Large City near KalmykiaVolgograd
50%
Capital CityElista
43%
Kalmykia's ISO 3166 codeRU-KL
43%
Federal District it's located itSouthern
36%
Kalmykia is known for hosting a
_______ competition
Chess
14%
Largest Ethnic GroupsDargin
14%
Kalmykia is the only Subdivision in Europe
to have 0.5% of their population made up of
Koreans
7%

Score Distribution

Percentile by Number Answered

Percent of People with Each Score

Your Score History

You have not taken this quiz